Niekoľko poznámok k novelizácii zákona o reklame
Úprava právnych vzťahov v oblasti reklamy v zákone o reklame č. 220/1996 Z.z. v znení neskorších predpisov. Dôvody a predmet novelizácie zákona o reklame. Vymedzenie reklamy v oblasti liečiv. Informovanosť v reklame, problém nevyhnutnej informácie o správnom používaní. Klamlivá reklama na lieky.
Salvato in:
| Autore principale: | |
|---|---|
| Natura: | Capitolo di libro |
| Lingua: | slovacco |
| Soggetti: | |
| Tags: |
Nessun Tag, puoi essere il primo ad aggiungerne!!
|
MARC
| LEADER | 00000naa a2200000 4500 | ||
|---|---|---|---|
| 001 | r033530 | ||
| 005 | 20230728094250.1 | ||
| 041 | 0 | |a slo | |
| 044 | |a SK | ||
| 245 | 1 | 0 | |a Niekoľko poznámok k novelizácii zákona o reklame |c Jozef Vozár |
| 520 | |a Úprava právnych vzťahov v oblasti reklamy v zákone o reklame č. 220/1996 Z.z. v znení neskorších predpisov. Dôvody a predmet novelizácie zákona o reklame. Vymedzenie reklamy v oblasti liečiv. Informovanosť v reklame, problém nevyhnutnej informácie o správnom používaní. Klamlivá reklama na lieky. | ||
| 610 | 2 | 0 | |a reklama |
| 610 | 2 | 0 | |a úpravy právne |
| 610 | 2 | 0 | |a zákony |
| 610 | 2 | 0 | |a Slovensko |
| 610 | 2 | 0 | |a novelizácia |
| 610 | 2 | 0 | |a liečivá |
| 100 | 1 | |a Vozár, Jozef | |